Faculty of Law Library — Cairo University

Official Online Catalog

Blackstone's statutes on public law & human rights / (Record no. 48356)

MARC details
000 -LEADER
fixed length control field 01984cac a2200481 i 4500
003 - CONTROL NUMBER IDENTIFIER
control field EG-GICUC
005 - DATE AND TIME OF LATEST TRANSACTION
control field 20260121101429.0
008 - FIXED-LENGTH DATA ELEMENTS--GENERAL INFORMATION
fixed length control field 040111c19999999-uk r frl 0 0eng d
040 ## - CATALOGING SOURCE
Original cataloging agency WCL
Language of cataloging eng
Transcribing agency WCL
Modifying agency DLC
-- LVB
-- DLC
-- OCLCG
-- OCLCQ
-- OCLCA
-- YDXCP
-- OCLCF
-- OCLCO
-- OCLCQ
-- YDX
-- UKMGB
-- OCLCO
-- OCL
-- OCLCL
-- DLC
-- EG-GICUC
Description conventions rda
043 ## - GEOGRAPHIC AREA CODE
Geographic area code e-uk---
050 00 - LIBRARY OF CONGRESS CALL NUMBER
Classification number KD3930.A29
Item number B58
082 04 - DEWEY DECIMAL CLASSIFICATION NUMBER
Edition number 21
Classification number 341.48
092 04 - LOCALLY ASSIGNED DEWEY CALL NUMBER (OCLC)
Edition number 21
099 ## - LOCAL FREE-TEXT CALL NUMBER (OCLC)
Classification number Law 08 2001
245 00 - TITLE STATEMENT
Title Blackstone's statutes on public law & human rights /
Statement of responsibility, etc. edited by Peter Wallington, Robert G. Lee.
246 3# - VARYING FORM OF TITLE
Title proper/short title Blackstone's statutes on public law and human rights
246 30 - VARYING FORM OF TITLE
Title proper/short title Public law & human rights
246 30 - VARYING FORM OF TITLE
Title proper/short title Statutes on public law & human rights
250 ## - EDITION STATEMENT
Edition statement 11th edition,
264 ## - PRODUCTION, PUBLICATION, DISTRIBUTION, MANUFACTURE, AND COPYRIGHT NOTICE
Place of production, publication, distribution, manufacture UK :
Name of producer, publisher, distributor, manufacturer Blackstone Press,
Date of production, publication, distribution, manufacture, or copyright notice 2001.
300 ## - PHYSICAL DESCRIPTION
Extent x, 568 page ;
Dimensions 24 cm.
310 ## - CURRENT PUBLICATION FREQUENCY
Current publication frequency Annual
336 ## - CONTENT TYPE
Content type term text
Content type code txt
Source rdacontent
337 ## - MEDIA TYPE
Media type term unmediated
Media type code n
Source rdamedia
338 ## - CARRIER TYPE
Carrier type term volume
Carrier type code nc
Source rdacarrier
362 1# - DATES OF PUBLICATION AND/OR SEQUENTIAL DESIGNATION
Dates of publication and/or sequential designation Began with 9th ed. in 1999.
490 1# - SERIES STATEMENT
Series statement Blackstone's statutes
500 ## - GENERAL NOTE
General note Edited by: Peter Wallington and Robert G. Lee, <2002/2003-3003/2004>; John Stanton, <2025>
500 ## - GENERAL NOTE
General note Includes index.
588 ## - SOURCE OF DESCRIPTION NOTE
Source of description note Description based on: 12th ed. (2002/2003).
588 ## - SOURCE OF DESCRIPTION NOTE
Source of description note Latest issue consulted: 35th Edition (2025).
650 #0 - SUBJECT ADDED ENTRY--TOPICAL TERM
Topical term or geographic name entry element Public law
Geographic subdivision Great Britain.
650 #0 - SUBJECT ADDED ENTRY--TOPICAL TERM
Topical term or geographic name entry element Civil rights
Geographic subdivision Great Britain.
700 1# - ADDED ENTRY--PERSONAL NAME
Personal name Wallington, Peter,
Relator term editor.
Real World Object URI https://id.oclc.org/worldcat/entity/E39PBJpPDp9WPkYtg86HCjgdwC
700 1# - ADDED ENTRY--PERSONAL NAME
Personal name Lee, R. G.
Fuller form of name (Robert Gregory),
Dates associated with a name 1952-
Relator term editor.
Real World Object URI https://id.oclc.org/worldcat/entity/E39PBJhhxcbqctbCxBp9HJVKVC
700 1# - ADDED ENTRY--PERSONAL NAME
Personal name Stanton, John
Titles and other words associated with a name (Law teacher),
Relator term editor.
Real World Object URI https://id.oclc.org/worldcat/entity/E39PCjD9gmTPvPrvMkPjChb3Yq
780 00 - PRECEDING ENTRY
Title Blackstone's statutes on public law
830 #0 - SERIES ADDED ENTRY--UNIFORM TITLE
Uniform title Blackstone's statutes.
856 40 - ELECTRONIC LOCATION AND ACCESS
Uniform Resource Identifier <a href="https://fll.law.cu.edu.eg/fulltext/bks/ENGB08-00086.pdf">https://fll.law.cu.edu.eg/fulltext/bks/ENGB08-00086.pdf</a>
905 ## - Cataloger and Reviser Names
Cataloger Name: Hend El khosy
942 ## - ADDED ENTRY ELEMENTS (KOHA)
Source of classification or shelving scheme Dewey Decimal Classification
Koha item type Books
Edition 21
Suppress in OPAC No
Holdings
Withdrawn status Lost status Source of classification or shelving scheme Damaged status Not for loan Collection Home library Current library Date acquired Total checkouts Full call number Barcode Date last seen Copy number Price effective from Koha item type Public note
    Dewey Decimal Classification     القانون الدستوري جــــامعة القــاهرة مكتبة كلية الحقوق - فـرع الشيخ زايد 04.12.2025   Law2 08 341.48 BL 2001 0800086 C1 ENGB08-00086 04.12.2025 1 04.12.2025 Books 2117

© All rights reserved — Faculty of Law, Cairo University